| 000 | 00000nam 2200000zi 4500 |
| 001 | 9.933402 |
| 003 | CaOODSP |
| 005 | 20240202160328 |
| 006 | m o d f |
| 007 | cr |n||||||||| |
| 008 | 240202e202203##onc o f|0| 0 fre d |
| 040 | |aCaOODSP|bfre|erda|cCaOODSP |
| 043 | |an-cn--- |
| 086 | 1 |aH14-553/2022F-PDF |
| 245 | 00|aAudit de la planification des investissements en immobilisations à Santé Canada : |brapport définitif / |cBureau de l’audit et de l’évaluation. |
| 264 | 1|a[Ottawa] : |bHealth Canada and the Public Health Agency of Canada = Santé Canada et l'Agence de la santé publique du Canada, |cmars 2022. |
| 300 | |a1 ressource en ligne (10 pages) |
| 336 | |atexte|btxt|2rdacontent/fre |
| 337 | |ainformatique|bc|2rdamedia/fre |
| 338 | |aressource en ligne|bcr|2rdacarrier/fre |
| 500 | |aPublié aussi en anglais sous le titre : Audit of investment planning of capital assets at Health Canada: final report. |
| 610 | 16|aCanada. |bSanté Canada|xAudit. |
| 610 | 26|aAgence de santé publique du Canada|xAudit. |
| 650 | 6|aInvestissements de capitaux|zCanada|xAudit. |
| 710 | 1 |aCanada. |bSanté Canada. |bBureau de l'audit et de l'évaluation, |eorganisme de publication. |
| 710 | 2 |aAgence de santé publique du Canada. |bBureau de l'audit et de l'évaluation, |eorganisme de publication. |
| 775 | 08|tAudit of investment planning of capital assets at Health Canada : |w(CaOODSP)9.933352 |
| 856 | 40|qPDF|s295 Ko|uhttps://publications.gc.ca/collections/collection_2024/sc-hc/H14-553-2022-fra.pdf |